000 00596nam a22001697a 4500
003 NUST
038 _aNusrat Nadeem
082 _a200
100 _aKhan, Hania Hassan
_9125296
245 _aThe Experiences of illiterate Women Regarding their Illiteracy: An Exploratory Study of Quetta, Pakistan./
_cHania Hassan Khan,
264 _aIslamabad;
_bS3H NUST;
_c2024.
300 _a124,p;
_bill;
_c30,cm.
650 _aMS-Development Studies
_9123041
700 _aSupervisor: Dr. Tauqeer Hussain Shah
_9125297
856 _u http://10.250.8.41:8080/xmlui/handle/123456789/45602
942 _2ddc
_cSC
999 _c611058
_d611058